000 00748nam0a22002531 4500
001 rc\505786
005 20250621111947.0
035 _a(NLR Aleph) 005746471
090 _a4794069
_c4794069
100 _a20030616d1987 |||y0rusy50 ca
101 0 _arus
102 _aRU
105 _ay |||||||||
200 1 _aРусская классика и японская литература
210 _aМ.
_cХудож. лит.
_d1987
215 _a352 с.
_d21
300 _aПеред вып. дан. авт.: К. Рехо (Ким Ле Чун)
320 _aУказ. имен: с. 345-351
700 0 _aКим Ле Чун
_f1928-
801 0 _aRU
_bNLR
_gpsbo
801 1 _aRU
_bELAR
_2rusmarc
852 _aNLR
_j87-3/6658
942 _cBOOK
980 _aNB